Vista normal
Vista MARC
Entrada Personal Name
Número de registros utilizados en: 2
001 - CONTROL NUMBER
- control field: 156
003 - CONTROL NUMBER IDENTIFIER
- control field: DLC
005 - DATE AND TIME OF LATEST TRANSACTION
- control field: 20250530092151.0
008 - FIXED-LENGTH DATA ELEMENTS
- fixed length control field: 800722n| azannaabn |a aaa
010 ## - LIBRARY OF CONGRESS CONTROL NUMBER
- LC control number: n 80070708
024 7# - OTHER STANDARD IDENTIFIER
- Standard number or code: 0000000081377520
- Source of number or code: isni
035 ## - SYSTEM CONTROL NUMBER
- System control number: (OCoLC)oca00452194
040 ## - CATALOGING SOURCE
- Original cataloging agency: DLC
- Language of cataloging: spa
- Description conventions: rda
- Transcribing agency: Mx-PuUPA
- Modifying agency: MH
- Modifying agency: OCoLC
- Modifying agency: DLC
- Modifying agency: DNLM
- Modifying agency: NL-TiUL
- Modifying agency: Mx-PuUPA
046 ## - SPECIAL CODED DATES
- Birth date: 18380116
- Death date: 19170317
- Source of date scheme: edtf
100 1# - HEADING--PERSONAL NAME
- Personal name: Brentano, Franz,
- Dates associated with a name: 1838-1917
370 ## - ASSOCIATED PLACE
- Place of death: Zurich (Suiza)
- Source of term: naf
372 ## - FIELD OF ACTIVITY
- Field of activity: Teología
- Field of activity: Filosofía Aristotélica
- Field of activity: Psicología y ontología
373 ## - ASSOCIATED GROUP
- Associated group: Universidad de Würzburg
374 ## - OCCUPATION
- Occupation: Autor
- Occupation: Filósofo
- Occupation: Sacerdote
375 ## - GENDER
- Gender: hombre
- Source of term: lcdgt
377 ## - ASSOCIATED LANGUAGE
- Language code: ger
400 1# - SEE FROM TRACING--PERSONAL NAME
- Control subfield: nne
- Personal name: Brentano, Franz Clemens,
- Dates associated with a name: 1838-1917
400 1# - SEE FROM TRACING--PERSONAL NAME
- Personal name: Brentano, Franz Clemens Honoratius Hermann,
- Dates associated with a name: 1838-1917
670 ## - SOURCE DATA FOUND
- Source citation: The origin of the knowledge of right and wrong ... 1902.
670 ## - SOURCE DATA FOUND
- Source citation: Geschichte der mittelalterlichen Philosophie ... c1980:
- Information found: t.p. (Franz Brentano)
670 ## - SOURCE DATA FOUND
- Source citation: Immanent realism, 2006:
- Information found: p. 7 (Franz Clemens Honoratius Hermann Brentano; born January 16, 1838 in Germany) p. 38 (died March 17, 1917 in Zurich)